Welcome to CU Library Online Public Access Catalogue (OPAC)

Anatomy : (Record no. 2291)

MARC details
000 -LEADER
fixed length control field 00718nam a2200217 a 4500
001 - CONTROL NUMBER
control field 4872493
005 - DATE AND TIME OF LATEST TRANSACTION
control field 20241215161102.0
008 - FIXED-LENGTH DATA ELEMENTS--GENERAL INFORMATION
fixed length control field 920325s1992 vaua 000 0 eng
020 ## - INTERNATIONAL STANDARD BOOK NUMBER
International Standard Book Number 0963287303
050 00 - LIBRARY OF CONGRESS CALL NUMBER
Classification number QM32
Item number .J64 1992
082 00 - DEWEY DECIMAL CLASSIFICATION NUMBER
Classification number 611/.0076
Edition information 20
100 1# - MAIN ENTRY--PERSONAL NAME
Personal name Johnson, Kurt E.
245 10 - TITLE STATEMENT
Title Anatomy :
Remainder of title review for new national boards /
Statement of responsibility, etc. Kurt E. Johnson, Frank J. Slaby.
260 ## - PUBLICATION, DISTRIBUTION, ETC.
Place of publication, distribution, etc. Alexandria, Va. :
Name of publisher, distributor, etc. J&S Pub. Co.,
Date of publication, distribution, etc. c1992.
300 ## - PHYSICAL DESCRIPTION
Extent viii, 217 p. :
Other physical details ill. ;
Dimensions 28 cm.
650 #0 - SUBJECT ADDED ENTRY--TOPICAL TERM
Topical term or geographic name entry element Human anatomy
General subdivision Examinations, questions, etc.
650 #0 - SUBJECT ADDED ENTRY--TOPICAL TERM
Topical term or geographic name entry element Histology
General subdivision Examinations, questions, etc.
650 #0 - SUBJECT ADDED ENTRY--TOPICAL TERM
Topical term or geographic name entry element Embryology, Human
General subdivision Examinations, questions, etc.
700 1# - ADDED ENTRY--PERSONAL NAME
Personal name Slaby, Frank J.
942 ## - ADDED ENTRY ELEMENTS (KOHA)
Source of classification or shelving scheme Library of Congress Classification
Koha item type Books
Suppress in OPAC No
999 ## -
-- 2291
-- 2291
Holdings
Withdrawn status Lost status Source of classification or shelving scheme Damaged status Not for loan Collection Home library Current library Shelving location Date acquired Total checkouts Full call number Barcode Date last seen Copy number Price effective from Koha item type
    Library of Congress Classification     Non-fiction Science Library (Miotso) Science Library (Miotso) General stacks 12/15/2024   QM32 .J64 KUR SLM00001618 12/15/2024 1 12/15/2024 Books
© 2023-2024 Copyright: Central University Libraries. All Rights Reserved | Created by: Mahone Tech Office